000 00727nam a2200181 a 4500
001 000044872
005 20201002045708.0
008 150114s2014 dr ac 000 0 spa d
020 _a9789945166293
040 _aDO-SdBNP
_bspa
_cBNPHU
082 _axxxx
_bxxxx
100 1 _aPorter, David Dixon
_972880
245 1 0 _aDiario de una misión secreta a Santo Domingo (1846) :
_breporte de el maniel /
_cDavid Dixon Porter ; compilación y edición Milcíades Mejía.
260 _aSanto Domingo :
_bFONDEPROSJO,
_c2014.
300 _a78 p. :
_bil., retrs. ;
_c23 cm.
700 1 2 _aMejía, Milcíades,
_eed.
_943514
710 2 2 _aFondo de Desarrollo Ecoturístico Provincia San José de Ocoa ( FONDEPROSJO), República Dominicana
_972881
999 _c44361
_d44361